00501nam a2200193 a 4500001001300000003000900013005001700022008004100039020001000080082001300090100002200103245003300125260005800158300000800216500003500224505001000259650001600269700002200285nice12345678IN_TiNIC20260116011710.0050524s1931 hyda grp 000 0 urd  ac10000a110bNAD aNadvi, Abdul Bari aMuqadama Ma Bad-Al-Tabbiyat. aHyderabadbDarut Taba Jamia Osmania sarkar aalic1931 a84p aincludes index and biblioraphy2 aIndex aMetaphysics1 aNadvi, Abdul Bari